| Tag |
First Indicator |
Second Indicator |
Subfields |
| LEADER |
00000cam a22000001a 4500 |
| 001 |
in00003384331 |
| 006 |
m d f |
| 007 |
cr bn mmmapmmp |
| 008 |
100720s2001 dcu o f000 0 eng d |
| 005 |
20260430144752.9 |
| 035 |
|
|
|a cis2007896055
|
| 040 |
|
|
|a ProQuest
|c ProQuest
|d UtOrBLW
|
| 043 |
|
|
|a n-us---
|
| 099 |
|
|
|a CRS-2001-DSP-0041
|
| 110 |
2 |
|
|a Library of Congress.
|b Congressional Research Service.
|
| 245 |
1 |
0 |
|a Medicare+Choice :
|b Private Fee-for-Service Plans.
|
| 264 |
|
1 |
|a [Place of publication not identified] :
|b [publisher not identified],
|c 2001.
|
| 300 |
|
|
|a 1 online resource.
|
| 336 |
|
|
|a text
|b txt
|2 rdacontent
|
| 337 |
|
|
|a computer
|b c
|2 rdamedia
|
| 338 |
|
|
|a online resource
|b cr
|2 rdacarrier
|
| 500 |
|
|
|a Record is based on bibliographic data in ProQuest U.S. Congressional Research Digital Collection (last viewed July 2010). Reuse except for individual research requires license from ProQuest, LLC.
|
| 500 |
|
|
|a CRS Report.
|
| 520 |
|
|
|a Focuses on private fee-for-service (PFFS) plans, one of several benefit delivery options established by Medicare+Choice program, created under P.L. 105-33, the Balanced Budget Act of 1997. Reviews differences in structure, restrictions and requirements between PFFS plans and other options. Examines the only Medicare PFFS plan available, offered by Sterling Life Insurance Company; discusses pros and cons of participating in Sterling plan; and examines to what extent beneficiaries are enrolling in the Sterling plan.
|
| 500 |
|
|
|a Electronic resource.
|
| 650 |
|
0 |
|a Health insurance.
|
| 650 |
|
0 |
|a Medicare.
|
| 655 |
|
7 |
|a Electronic books.
|2 local
|
| 710 |
2 |
|
|a ProQuest (Firm)
|
| 776 |
0 |
8 |
|i Microfiche version:
|a Library of Congress. Congressional Research Service.
|t Medicare+Choice
|
| 830 |
|
0 |
|a U.S. Congressional Research.
|
| 856 |
4 |
0 |
|u http://proxy.library.tamu.edu/login?url=https://congressional.proquest.com/congcomp/getdoc?CRDC-ID=CRS-2001-DSP-0041
|z Connect to the full text of this electronic book
|t 0
|
| 999 |
|
|
|a MARS
|
| 999 |
f |
f |
|s c0e0aefa-0a1d-3ed3-95b6-64dbcfed24c6
|i 7e38d9fc-6046-3787-a70d-6a3e728135ba
|t 0
|
| 952 |
f |
f |
|a Texas A&M University
|b College Station
|c Electronic Resources
|s www_evans
|d Available Online
|t 0
|e CRS-2001-DSP-0041
|h Other scheme
|
| 998 |
f |
f |
|a CRS-2001-DSP-0041
|t 0
|l Available Online
|